Chali gori : (Record no. 46269)

MARC details
000 -LEADER
fixed length control field 01028njm a22002897a 4500
005 - DATE AND TIME OF LATEST TRANSACTION
control field 20100901115333.0
006 - FIXED-LENGTH DATA ELEMENTS--ADDITIONAL MATERIAL CHARACTERISTICS--GENERAL INFORMATION
fixed length control field a|||||r|||||00| 0
007 - PHYSICAL DESCRIPTION FIXED FIELD--GENERAL INFORMATION
fixed length control field sd ammalaaahaa
008 - FIXED-LENGTH DATA ELEMENTS--GENERAL INFORMATION
fixed length control field 100901t xxu||||| |||| 00| 0 eng d
028 ## - PUBLISHER NUMBER
Publisher number 3AEX 5165
Source Odeon
035 ## - SYSTEM CONTROL NUMBER
System control number GR-02901
040 ## - CATALOGING SOURCE
Original cataloging agency SED
Transcribing agency SED
100 ## - MAIN ENTRY--PERSONAL NAME
Personal name Hemant Kumar
9 (RLIN) 17891
245 ## - TITLE STATEMENT
Title Chali gori :
Statement of responsibility, etc by Hemant Kumar ; music by Hemant Kumar ; lyrices by Majrooh
Medium [Sound recording]
Remainder of title ek hi rasta /
260 ## - PUBLICATION, DISTRIBUTION, ETC. (IMPRINT)
Place of publication, distribution, etc DUM DUM, India
Name of publisher, distributor, etc Odeon
Date of publication, distribution, etc 1968
300 ## - PHYSICAL DESCRIPTION
Extent 1 Sound disc [Gramophone Recording] :
Other physical details analog, 33 1/3 rpm
Dimensions 12 in. (LP)
Type of unit Gramophone Record
500 ## - GENERAL NOTE
General note Brief record
500 ## - GENERAL NOTE
General note Record Labels : Odeon,Black
505 ## - FORMATTED CONTENTS NOTE
Formatted contents note Side-2 (Aurat ne janam diya-"sadhana") (Hemant Kumar)
600 ## - SUBJECT ADDED ENTRY--PERSONAL NAME
Personal name Hemant Kumar
9 (RLIN) 20330
650 ## - SUBJECT ADDED ENTRY--TOPICAL TERM
Topical term or geographic name as entry element Classical music
General subdivision Excerpts
Geographic subdivision India
9 (RLIN) 17892
650 ## - SUBJECT ADDED ENTRY--TOPICAL TERM
9 (RLIN) 20305
700 ## - ADDED ENTRY--PERSONAL NAME
Personal name Hemant Kumar
9 (RLIN) 20260
700 ## - ADDED ENTRY--PERSONAL NAME
Personal name Majrooh
9 (RLIN) 20375
942 ## - ADDED ENTRY ELEMENTS (KOHA)
Source of classification or shelving scheme Dewey Decimal Classification
Item type Gramaphone Records
Holdings
Withdrawn status Lost status Source of classification or shelving scheme Damaged status Not for loan Collection code Home library Current library Date acquired Cost, normal purchase price Total Checkouts Barcode Date last seen Copy number Price effective from Koha item type
    Dewey Decimal Classification   Not For Loan Non-fiction Central Library Central Library 16/09/2010 1.00   GR-02901 16/09/2010 SED/VEN 16/09/2010 Gramaphone Records

© Delhi Public Library
Hit Counter
free hit counter